<?xml version="1.0" encoding="UTF-8"?>
<record
    xmlns:xsi="http://www.w3.org/2001/XMLSchema-instance"
    xsi:schemaLocation="http://www.loc.gov/MARC21/slim http://www.loc.gov/standards/marcxml/schema/MARC21slim.xsd"
    xmlns="http://www.loc.gov/MARC21/slim">

  <leader>00656nam a22002297a 4500</leader>
  <controlfield tag="005">20251004084930.0</controlfield>
  <datafield tag="020" ind1=" " ind2=" ">
    <subfield code="a">9350286726</subfield>
    <subfield code="c">TZS 65,500/=</subfield>
  </datafield>
  <datafield tag="040" ind1=" " ind2=" ">
    <subfield code="a">MCCL</subfield>
    <subfield code="b">eng.</subfield>
    <subfield code="e">AACR 2nd rev.ed.</subfield>
  </datafield>
  <datafield tag="082" ind1=" " ind2=" ">
    <subfield code="a">342.4106 TAK</subfield>
  </datafield>
  <datafield tag="100" ind1=" " ind2=" ">
    <subfield code="a">Takwani, C. K.</subfield>
  </datafield>
  <datafield tag="245" ind1=" " ind2=" ">
    <subfield code="a"> Lectures on administrative law </subfield>
    <subfield code="c">/ C. K. Takwani, M. C. Thakker </subfield>
  </datafield>
  <datafield tag="250" ind1=" " ind2=" ">
    <subfield code="a">5th ed.</subfield>
  </datafield>
  <datafield tag="260" ind1=" " ind2=" ">
    <subfield code="a">Lucknow :</subfield>
    <subfield code="b">Eastern Book Co.;</subfield>
    <subfield code="c">c 2012.</subfield>
  </datafield>
  <datafield tag="300" ind1=" " ind2=" ">
    <subfield code="a"> LxxII, 543 p. :</subfield>
    <subfield code="c">23 cm.</subfield>
  </datafield>
  <datafield tag="504" ind1=" " ind2=" ">
    <subfield code="a">Includes subject index</subfield>
  </datafield>
  <datafield tag="546" ind1=" " ind2=" ">
    <subfield code="a">eng.</subfield>
  </datafield>
  <datafield tag="650" ind1=" " ind2=" ">
    <subfield code="a">Administrative law</subfield>
  </datafield>
  <datafield tag="650" ind1=" " ind2=" ">
    <subfield code="a">Constitutional remedies</subfield>
  </datafield>
  <datafield tag="650" ind1=" " ind2=" ">
    <subfield code="a">Administrative discretion</subfield>
  </datafield>
  <datafield tag="700" ind1=" " ind2=" ">
    <subfield code="a">Thakker,M.C.</subfield>
  </datafield>
  <datafield tag="942" ind1=" " ind2=" ">
    <subfield code="c">BK</subfield>
  </datafield>
  <datafield tag="999" ind1=" " ind2=" ">
    <subfield code="c">11791</subfield>
    <subfield code="d">11791</subfield>
  </datafield>
  <datafield tag="952" ind1=" " ind2=" ">
    <subfield code="0">0</subfield>
    <subfield code="1">0</subfield>
    <subfield code="4">0</subfield>
    <subfield code="7">0</subfield>
    <subfield code="a">MU002</subfield>
    <subfield code="b">MU002</subfield>
    <subfield code="d">2015-10-01</subfield>
    <subfield code="e">Estern book company</subfield>
    <subfield code="l">0</subfield>
    <subfield code="o">342.4106 TAK</subfield>
    <subfield code="p">001486</subfield>
    <subfield code="r">2025-10-04 08:52:29</subfield>
    <subfield code="t">1</subfield>
    <subfield code="w">2025-10-04</subfield>
    <subfield code="y">BK</subfield>
  </datafield>
  <datafield tag="952" ind1=" " ind2=" ">
    <subfield code="0">0</subfield>
    <subfield code="1">0</subfield>
    <subfield code="4">0</subfield>
    <subfield code="7">0</subfield>
    <subfield code="a">MU002</subfield>
    <subfield code="b">MU002</subfield>
    <subfield code="d">2015-10-01</subfield>
    <subfield code="e">Estern book company</subfield>
    <subfield code="l">0</subfield>
    <subfield code="o">342.4106 TAK</subfield>
    <subfield code="p">001487</subfield>
    <subfield code="r">2025-10-04 08:52:29</subfield>
    <subfield code="t">2</subfield>
    <subfield code="w">2025-10-04</subfield>
    <subfield code="y">BK</subfield>
  </datafield>
  <datafield tag="952" ind1=" " ind2=" ">
    <subfield code="0">0</subfield>
    <subfield code="1">0</subfield>
    <subfield code="4">0</subfield>
    <subfield code="7">0</subfield>
    <subfield code="a">MU002</subfield>
    <subfield code="b">MU002</subfield>
    <subfield code="d">2015-10-01</subfield>
    <subfield code="e">Estern book company</subfield>
    <subfield code="l">0</subfield>
    <subfield code="o">342.4106 TAK</subfield>
    <subfield code="p">001488</subfield>
    <subfield code="r">2025-10-04 08:52:29</subfield>
    <subfield code="t">3</subfield>
    <subfield code="w">2025-10-04</subfield>
    <subfield code="y">BK</subfield>
  </datafield>
  <datafield tag="952" ind1=" " ind2=" ">
    <subfield code="0">0</subfield>
    <subfield code="1">0</subfield>
    <subfield code="4">0</subfield>
    <subfield code="7">0</subfield>
    <subfield code="a">MU002</subfield>
    <subfield code="b">MU002</subfield>
    <subfield code="d">2015-10-01</subfield>
    <subfield code="e">Estern book company</subfield>
    <subfield code="l">0</subfield>
    <subfield code="o">342.4106 TAK</subfield>
    <subfield code="p">001489</subfield>
    <subfield code="r">2025-10-04 08:52:29</subfield>
    <subfield code="t">4</subfield>
    <subfield code="w">2025-10-04</subfield>
    <subfield code="y">BK</subfield>
  </datafield>
  <datafield tag="952" ind1=" " ind2=" ">
    <subfield code="0">0</subfield>
    <subfield code="1">0</subfield>
    <subfield code="4">0</subfield>
    <subfield code="7">0</subfield>
    <subfield code="a">MU002</subfield>
    <subfield code="b">MU002</subfield>
    <subfield code="d">2015-10-01</subfield>
    <subfield code="e">Estern book company</subfield>
    <subfield code="l">0</subfield>
    <subfield code="o">342.4106 TAK</subfield>
    <subfield code="p">001490</subfield>
    <subfield code="r">2025-10-04 08:52:29</subfield>
    <subfield code="t">5</subfield>
    <subfield code="w">2025-10-04</subfield>
    <subfield code="y">BK</subfield>
  </datafield>
  <datafield tag="952" ind1=" " ind2=" ">
    <subfield code="0">0</subfield>
    <subfield code="1">0</subfield>
    <subfield code="4">0</subfield>
    <subfield code="7">0</subfield>
    <subfield code="a">MU002</subfield>
    <subfield code="b">MU002</subfield>
    <subfield code="d">2015-10-01</subfield>
    <subfield code="e">Eastern Book Company</subfield>
    <subfield code="l">0</subfield>
    <subfield code="o">342.4106 TAK</subfield>
    <subfield code="p">005619</subfield>
    <subfield code="r">2026-06-10 10:20:46</subfield>
    <subfield code="t">6</subfield>
    <subfield code="w">2026-06-10</subfield>
    <subfield code="y">BK</subfield>
  </datafield>
</record>
